[Event "62. BEM 2008"]
[Site "Dortmund"]
[Date "2008.03.03"]
[Round "7.19"]
[White "Dörre, Niels"]
[Black "Krüger, Georg"]
[Result "0-1"]
[WhiteElo "1590"]
[BlackElo "1672"]
[PlyCount "114"]
[EventDate "2008.??.??"]
[Source "SG Dortmund"]
[SourceDate "2004.12.16"]

1. e4 c5 2. Nf3 d6 3. d4 cxd4 4. Nxd4 Nf6 5. Nc3 a6 6. Bd3 e6 7. O-O Be7 8. Be3
O-O 9. Qf3 Qc7 10. Rad1 Bd7 11. h3 Nc6 12. Nxc6 Bxc6 13. Qg3 e5 14. Bh6 Ne8 15.
Nd5 Bxd5 16. exd5 f5 17. f4 e4 18. Be2 Qxc2 19. Bh5 Bf6 20. Rc1 Qxb2 21. Rb1
Qd4+ 22. Kh1 b5 23. Rfd1 Qc3 24. Qxc3 Bxc3 25. Rbc1 b4 26. Bg5 Nf6 27. Be2 Rfc8
28. Rc2 Rc5 29. Bxf6 gxf6 30. g4 fxg4 31. Bxg4 a5 32. Be6+ Kg7 33. Rg2+ Kh8 34.
Rdg1 h6 35. Rg6 Rc7 36. Bf5 Rh7 37. Bxe4 Rf8 38. Bf5 a4 39. Be6 Re7 40. Rxh6+
Rh7 41. Rhg6 Rh4 42. Kh2 f5 43. Kg3 Rh7 44. h4 Rg7 45. h5 Kh7 46. Kf3 a3 47.
Ke2 Rxg6 48. Rxg6 b3 49. axb3 a2 50. Rg1 a1=Q 51. Rxa1 Bxa1 52. Kd3 Kh6 53. b4
Kxh5 54. b5 Kg4 55. Ke3 Bc3 56. Bd7 Ba5 57. Bc6 Bb6+ 0-1

[Event "62. BEM 2008"]
[Site "Dortmund"]
[Date "2008.03.03"]
[Round "7.21"]
[White "Krüger, Inge"]
[Black "Ewers, Christian"]
[Result "1/2-1/2"]
[WhiteElo "1375"]
[BlackElo "1668"]
[PlyCount "56"]
[EventDate "2008.??.??"]
[Source "SG Dortmund"]
[SourceDate "2004.12.16"]

1. d4 d5 2. c4 Nc6 3. Nf3 Nf6 4. Nc3 e6 5. Bg5 Be7 6. e3 dxc4 7. Bxc4 O-O 8.
O-O h6 9. Bh4 a6 10. a3 b5 11. Be2 b4 12. axb4 Nxb4 13. Rc1 Bb7 14. Ne5 Ne4 15.
Bxe7 Qxe7 16. Nf3 Nf6 17. Ra1 c5 18. dxc5 Qxc5 19. Na4 Qc2 20. Qxc2 Nxc2 21.
Rac1 Be4 22. Nc5 Nb4 23. Nxe4 Nxe4 24. Rc4 Nd5 25. Rxe4 Rfb8 26. Rb1 Nc3 27.
Bd3 Nxb1 28. Bxb1 Rxb2 (28... Rxb2 29. Bd3 Rd8 $17 {und es entsteht recht bald
eine klassische Lehrbuchstellung zum Thema "Turm und Freibauer gegen zwei
nicht koordinierte Leichtfiguren", Schwarz sollte gewinnen; eine seine
Etappenziele ist der Tausch eines Turmpaares. - Schulenburg}) 1/2-1/2

[Event "62. BEM 2008"]
[Site "Dortmund"]
[Date "2008.03.03"]
[Round "7.22"]
[White "Stepke, Horst P"]
[Black "Pachura, Karl-Heinz"]
[Result "1-0"]
[WhiteElo "1608"]
[BlackElo "1305"]
[PlyCount "83"]
[EventDate "2008.??.??"]
[Source "SG Dortmund"]
[SourceDate "2004.12.16"]

1. e4 e5 2. Nf3 Nc6 3. Bc4 Bc5 4. O-O d6 5. c3 Bg4 6. b4 Bb6 7. a4 a5 8. b5 Nb8
9. d3 Nf6 10. Bg5 h6 11. Be3 Nbd7 12. Nbd2 O-O 13. h3 Bxe3 14. fxe3 Bh5 15. Qe1
Nb6 16. Bb3 Qe7 17. Qg3 Bg6 18. Qxg6 Kh8 19. Qg3 Nh5 20. Qf2 Nd7 21. Bd1 Nhf6
22. d4 Rae8 23. Nh4 exd4 24. Nf5 Qe6 25. exd4 Nxe4 26. Nxe4 Qxe4 27. Bc2 Qd5
28. Qg3 Rg8 29. Rae1 Rxe1 30. Rxe1 Nf6 31. Ne7 Qa2 32. Qd3 g6 33. Nxg8 Kxg8 34.
Rf1 Kg7 35. c4 Nh7 36. d5 Nf8 37. Qf3 f5 38. Bxf5 Qxc4 39. Bc8 Qd4+ 40. Kh1 Nh7
41. Qf7+ Kh8 42. Qe8+ 1-0

[Event "62. BEM 2008"]
[Site "Dortmund"]
[Date "2008.03.03"]
[Round "7.23"]
[White "Collisy, Klaus-D"]
[Black "Noori, Mir Ahmad"]
[Result "0-1"]
[WhiteElo "1326"]
[BlackElo "1556"]
[PlyCount "94"]
[EventDate "2008.??.??"]
[Source "SG Dortmund"]
[SourceDate "2004.12.16"]

1. e4 e6 2. d4 d6 3. f4 g6 4. Nf3 Bg7 5. c3 Ne7 6. Bd3 Nd7 7. O-O Nf6 8. Nbd2
O-O 9. h3 c5 10. Nb3 b6 11. Be3 Qc7 12. Rf2 c4 13. Bc2 cxb3 14. axb3 Bb7 15.
Nd2 b5 16. b4 a6 17. Qf3 Nf5 18. Qe2 Nxe3 19. Qxe3 Rad8 20. Nb3 Nd7 21. Na5 Nb6
22. Bd3 d5 23. e5 Nc4 24. Nxc4 dxc4 25. Be4 Ra8 26. Ra5 Rfd8 27. g4 Bd5 28. g5
Qb7 29. Re2 h5 30. h4 Bf8 31. Kg2 Be7 32. Kg3 Rd7 33. Bxd5 Qxd5 34. Qe4 Qxe4
35. Rxe4 Rda7 36. Re1 Bd8 37. Ra3 Kf8 38. Rea1 Ke7 39. Kf3 Kd7 40. Ke4 Kc6 41.
R3a2 Bb6 42. Ra3 a5 43. bxa5 Rxa5 44. Rxa5 Rxa5 45. Rxa5 Bxa5 46. d5+ exd5+ 47.
Kf3 Kd7 0-1

[Event "62. BEM 2008"]
[Site "Dortmund"]
[Date "2008.03.03"]
[Round "7.24"]
[White "Gegner, Michael"]
[Black "Schaefer, Ulrich"]
[Result "1-0"]
[WhiteElo "1552"]
[BlackElo "1253"]
[PlyCount "35"]
[EventDate "2008.??.??"]
[Source "SG Dortmund"]
[SourceDate "2004.12.16"]

1. d4 Nf6 2. Nc3 e6 3. e4 Bb4 4. e5 Ne4 5. Nge2 Qh4 6. g3 Bxc3+ 7. bxc3 Qg4 8.
Qd3 c5 9. f3 Qg6 10. fxe4 c4 11. Qf3 b5 12. Nf4 Qh6 13. Nd5 Qg6 14. Nc7+ Kd8
15. Nxa8 Bb7 16. Bg2 Bxa8 17. O-O Nc6 18. Qxf7 1-0

[Event "62. BEM 2008"]
[Site "Dortmund"]
[Date "2008.03.03"]
[Round "7.25"]
[White "Ackerhans, Gerd"]
[Black "Hast, Stefan"]
[Result "1-0"]
[WhiteElo "1415"]
[BlackElo "1083"]
[PlyCount "55"]
[EventDate "2008.??.??"]
[Source "SG Dortmund"]
[SourceDate "2004.12.16"]

1. c4 c5 2. Nc3 Nc6 3. g3 g6 4. Bg2 Bg7 5. Nf3 e5 6. d3 Nge7 7. O-O O-O 8. Be3
b6 9. Qd2 Bb7 10. Bh6 Bxh6 11. Qxh6 Nf5 12. Qd2 Nfe7 13. Nxe5 Qc7 14. Nxc6 Bxc6
15. Bxc6 Qxc6 16. e4 f5 17. Qg5 Rae8 18. f4 Qf6 19. Qxf6 Rxf6 20. e5 Rc6 21.
Nb5 Nc8 22. Rfe1 a6 23. Nc3 Ne7 24. a3 a5 25. Nb5 Nc8 26. Kf2 Kf8 27. Re3 d5
28. cxd5 1-0

[Event "62. BEM 2008"]
[Site "Dortmund"]
[Date "2008.03.03"]
[Round "7.26"]
[White "Schoppe, Hans-Werner"]
[Black "Dirks, Rainer"]
[Result "1-0"]
[WhiteElo "1243"]
[BlackElo "1155"]
[PlyCount "155"]
[EventDate "2008.??.??"]
[Source "SG Dortmund"]
[SourceDate "2004.12.16"]

1. d4 d5 2. Bf4 Bf5 3. e3 e6 4. a3 Bd6 5. Bg3 Nf6 6. Bh4 Be7 7. Bxf6 Bxf6 8. g4
Be4 9. Nf3 c6 10. Bd3 Qb6 11. b4 a5 12. c3 Be7 13. Bxe4 dxe4 14. Nfd2 axb4 15.
Nc4 Qb5 16. Qb3 bxc3 17. Qxb5 cxb5 18. Nb6 Ra6 19. Nc8 O-O 20. Nxe7+ Kh8 21.
Nxc3 Re8 22. Ng6+ hxg6 23. Nxb5 Rf8 24. h4 Rc8 25. Kd2 Rcc6 26. Rhb1 Nd7 27.
Nc3 Nb6 28. Nxe4 Nc4+ 29. Ke2 b6 30. Rb3 Nd6 31. Nxd6 Rxd6 32. Rc1 Rd8 33. Rc7
Kg8 34. Rb7 Rd6 35. f4 Rc6 36. Kd2 f6 37. Rd7 Ra8 38. d5 exd5 39. Rxd5 Kf8 40.
h5 Rac8 41. hxg6 Rc2+ 42. Kd3 Rc1 43. Ke2 R1c2+ 44. Rd2 R2c6 45. Rbd3 Rc2 46.
Rxc2 Rxc2+ 47. Kf3 b5 48. Rb3 Rc5 49. Ke4 Rc4+ 50. Kd5 Ra4 51. Kc5 Ra5 52. Kb6
Ra8 53. Kxb5 Rb8+ 54. Kc4 Rc8+ 55. Kd5 Rd8+ 56. Ke6 Re8+ 57. Kd7 Re7+ 58. Kd6
Re8 59. Rc3 Rd8+ 60. Kc7 Ke7 61. a4 Ra8 62. Ra3 Ra5 63. Kb6 Rd5 64. a5 Rd6+ 65.
Kc5 Kd7 66. a6 Rc6+ 67. Kb5 Rc8 68. a7 Ra8 69. Kb6 Rc8 70. Rd3+ Ke7 71. Kb7 Rc1
72. a8=Q Rb1+ 73. Kc6 Rc1+ 74. Kd5 Rc7 75. Qa3+ Ke8 76. Ke4 Re7+ 77. Kf3 Rc7
78. Qd6 1-0

[Event "62. BEM 2008"]
[Site "Dortmund"]
[Date "2008.03.03"]
[Round "7.27"]
[White "Strotmann, Dieter"]
[Black "Griese, Andreas"]
[Result "1-0"]
[WhiteElo "1296"]
[BlackElo "1058"]
[PlyCount "145"]
[EventDate "2008.??.??"]
[Source "SG Dortmund"]
[SourceDate "2004.12.16"]

1. Nf3 Nf6 2. d4 d5 3. g3 e6 4. Bg2 Be7 5. O-O O-O 6. b3 Nbd7 7. Bb2 b6 8. Nbd2
c5 9. Re1 Bb7 10. c4 Ne4 11. Nxe4 dxe4 12. Nd2 f5 13. Nf1 Nf6 14. Ne3 Rb8 15.
Qd2 e5 16. d5 Bd6 17. Nxf5 Bc8 18. Nxd6 Qxd6 19. h3 Rb7 20. Ba3 Rbf7 21. Rab1
a5 22. Bb2 h5 23. a3 Bf5 24. Ra1 Nh7 25. Bc3 Qf6 26. h4 g5 27. hxg5 Nxg5 28. f4
Nh3+ 29. Bxh3 Bxh3 30. Bxe5 Qg6 31. Qe3 h4 32. Kh2 Bg4 33. Rg1 Qf5 34. Rad1 Rh7
35. Rh1 Kf7 36. d6 hxg3+ 37. Kxg3 Rh3+ 38. Rxh3 Bxh3 39. Kf2 Rg8 40. Rg1 Rxg1
41. Kxg1 Qg4+ 42. Kf2 Qg2+ 43. Ke1 Ke6 44. Kd2 Bf5 45. Kc3 Kd7 46. Qd2 Qg3+ 47.
e3 Qg8 48. Qd5 Qxd5 49. cxd5 b5 50. a4 bxa4 51. bxa4 Kc8 52. Kc4 Bd7 53. Kxc5
Bxa4 54. f5 Be8 55. Kd4 a4 56. Kxe4 a3 57. f6 Kd7 58. Kd3 Bf7 59. Kc4 a2 60.
Kc5 Be8 61. Bc3 Bf7 62. e4 Be8 63. e5 Kd8 64. e6 Bg6 65. f7 Bxf7 66. exf7 a1=Q
67. Bxa1 Kd7 68. Bf6 Kc8 69. f8=Q+ Kb7 70. Qd8 Ka7 71. Qa5+ Kb7 72. Bd8 Kb8 73.
Kc6 1-0

[Event "62. BEM 2008"]
[Site "Dortmund"]
[Date "2008.03.03"]
[Round "7.28"]
[White "Rabe, Mark"]
[Black "Fahle, Karl-Wilhelm"]
[Result "0-1"]
[WhiteElo "891"]
[BlackElo "1202"]
[PlyCount "118"]
[EventDate "2008.??.??"]
[Source "SG Dortmund"]
[SourceDate "2004.12.16"]

1. d4 Nf6 2. e3 d5 3. Bd3 g6 4. b3 Bg7 5. Nf3 O-O 6. O-O Nbd7 7. Ba3 Re8 8. Re1
e5 9. Nfd2 e4 10. Be2 b6 11. c4 Bb7 12. Nc3 c5 13. Nb5 Bf8 14. Bb2 a6 15. Na3
Bg7 16. Rf1 Qe7 17. Nc2 Nf8 18. a4 Ne6 19. Ba3 Qc7 20. Bb2 a5 21. f3 cxd4 22.
Nxd4 Nxd4 23. Bxd4 Rad8 24. Rc1 Qe7 25. f4 Nd7 26. Bxg7 Kxg7 27. Qe1 Nf6 28.
Qg3 d4 29. f5 d3 30. Bg4 Nxg4 31. Qxg4 Qc5 32. f6+ Kh8 33. Qf4 Re5 34. Qh6 Rg8
35. Rce1 Bc8 36. Rf4 Rh5 37. Nxe4 Rxh6 38. Nxc5 bxc5 39. Re4 Be6 40. Rd1 Rd8
41. Re5 Bg4 42. Rd2 Rh5 43. Rxd3 Rg8 44. Re7 Be6 45. Rd6 Rf5 46. Ra6 Rxf6 47.
Rxa5 Bg4 48. h3 Be2 49. Kh2 Rb8 50. Rxc5 Rxb3 51. Rc8+ Kg7 52. c5 Rc3 53. Re5
h5 54. h4 Re6 55. Rxe6 fxe6 56. Rc7+ Kf6 57. Kg3 Bc4 58. Kf4 Bd5 59. g3 e5# 0-1

[Event "62. BEM 2008"]
[Site "Dortmund"]
[Date "2008.03.04"]
[Round "8.1"]
[White "Büchle, Manfred"]
[Black "Borjini, Mohamed"]
[Result "0-1"]
[WhiteElo "1858"]
[BlackElo "1933"]
[Annotator "P. Schulenburg"]
[PlyCount "92"]
[EventDate "2008.??.??"]
[Source "SG Dortmund"]
[SourceDate "2004.12.16"]

1. e4 c5 2. Nf3 e6 3. d4 cxd4 4. Nxd4 a6 5. c4 Nf6 6. Nc3 d6 7. Bg5 Be7 8. Be2
O-O 9. O-O Nbd7 10. Qc2 Qc7 11. Be3 b6 12. f4 Bb7 13. Bf3 g6 14. Rac1 Rac8 15.
Qf2 Nc5 16. Qc2 e5 17. Nb3 exf4 18. Bxf4 Rfe8 19. Nd5 Bxd5 20. exd5 Nxb3 21.
Qxb3 Bf8 22. Be3 Nd7 23. Bd4 Bh6 24. Rc3 Nc5 25. Qc2 f5 26. b3 Ne4 27. Bxe4
Rxe4 28. Qf2 b5 29. Rh3 Bg5 30. Rg3 Bh4 31. Qxf5 Rxd4 32. Rxg6+ hxg6 33. Qxg6+
Kh8 34. Qh6+ Kg8 35. Qg6+ Qg7 36. Qe6+ Kh7 37. Qxc8 Rg4 38. Qf5+ Kh6 39. Kh1
bxc4 40. bxc4 Rxc4 41. g3 Bg5 42. Re1 (42. Qh3+ Kg6 43. Qe6+ Bf6 (43... Kh5 44.
Qe2+ $18) (43... Kh7 44. Rf7 $18) 44. Qf5+ Kf7 45. g4 $3 $16) 42... Rc1 43.
Qh3+ Kg6 44. Qe6+ Qf6 45. Qg8+ Kh6 46. Rxc1 Qf3+ 0-1

[Event "62. BEM 2008"]
[Site "Dortmund"]
[Date "2008.03.04"]
[Round "8.2"]
[White "Lindam, Ingo"]
[Black "Zelt, Jens"]
[Result "1-0"]
[WhiteElo "2070"]
[BlackElo "1982"]
[PlyCount "67"]
[EventDate "2008.??.??"]
[Source "SG Dortmund"]
[SourceDate "2004.12.16"]

1. d4 e6 2. Nf3 d5 3. Bf4 Nf6 4. Nbd2 c5 5. e3 a6 6. c3 Nbd7 7. Bd3 Be7 8. Qe2
O-O 9. Ne5 Nxe5 10. dxe5 Nd7 11. h4 f5 12. g4 Kh8 13. Nf3 Qe8 14. Ng5 c4 15.
Bc2 Nc5 16. O-O-O b5 17. gxf5 exf5 18. Rh3 h6 19. Rg1 Ra7 20. Qf3 Ne4 21. Qg2
Bd8 22. Nf3 a5 23. Nd4 b4 24. f3 Nc5 25. Rg3 Qf7 26. Nb5 Ne6 27. Nd6 Qc7 28.
Bxh6 Rg8 29. Bxf5 bxc3 30. bxc3 g5 31. Bxg5 Bxg5 32. hxg5 Qc5 33. Qh2+ Kg7 34.
Qh6# 1-0

[Event "62. BEM 2008"]
[Site "Dortmund"]
[Date "2008.03.04"]
[Round "8.3"]
[White "Begna, Bozidar"]
[Black "Gorzinski, Dariusz"]
[Result "1-0"]
[WhiteElo "1955"]
[BlackElo "1841"]
[PlyCount "97"]
[EventDate "2008.??.??"]
[Source "SG Dortmund"]
[SourceDate "2004.12.16"]

1. e4 c6 2. Nf3 d5 3. d3 dxe4 4. dxe4 Qxd1+ 5. Kxd1 Nf6 6. Bd3 Nbd7 7. h3 Nc5
8. Re1 Nxd3 9. cxd3 e6 10. Be3 b6 11. Nbd2 Ba6 12. Kc2 Be7 13. Ne5 Nd7 14. Nec4
f6 15. d4 c5 16. d5 e5 17. b3 Bd8 18. Nd6+ Kf8 19. a4 Be7 20. Nb5 Bb7 21. g4 a6
22. Nc3 Kf7 23. Nc4 Rhd8 24. f4 h6 25. fxe5 fxe5 26. Rf1+ Kg8 27. Rf5 g6 28.
Rf3 Kg7 29. Raf1 Rf8 30. Rxf8 Rxf8 31. Rxf8 Bxf8 32. Bf2 Be7 33. Bg3 Bf6 34. h4
g5 35. h5 Kh7 36. Nd6 Ba8 37. Nd1 Bg7 38. Ne3 Bf8 39. Ndc4 Nf6 40. Nxb6 Nxe4
41. Bxe5 Bb7 42. Nf5 a5 43. d6 Bxd6 44. Bxd6 Nxd6 45. Nxd6 Bf3 46. Nd7 Kg7 47.
Nf5+ Kh7 48. Ne5 Bd5 49. Kc3 1-0

[Event "62. BEM 2008"]
[Site "Dortmund"]
[Date "2008.03.04"]
[Round "8.4"]
[White "Salifoski, Ramazan"]
[Black "Gitschel, Ralf"]
[Result "1/2-1/2"]
[WhiteElo "1625"]
[BlackElo "1914"]
[PlyCount "44"]
[EventDate "2008.??.??"]
[Source "SG Dortmund"]
[SourceDate "2004.12.16"]

1. e4 c5 2. Nf3 Nc6 3. d4 cxd4 4. Nxd4 Nf6 5. Nc3 e5 6. Ndb5 d6 7. Bg5 a6 8.
Bxf6 gxf6 9. Na3 f5 10. Qh5 b5 11. Ne2 Qf6 12. Ng3 f4 13. Nf5 Bxf5 14. Qxf5
Qxf5 15. exf5 d5 16. O-O-O Rd8 17. Nb1 Bc5 18. Nc3 Nd4 19. f3 Nxf5 20. Rxd5
Be3+ 21. Kb1 Bd4 22. Rxd8+ Kxd8 1/2-1/2

[Event "62. BEM 2008"]
[Site "Dortmund"]
[Date "2008.03.04"]
[Round "8.5"]
[White "Kropp, Andreas"]
[Black "Benke, Werner"]
[Result "1-0"]
[WhiteElo "1918"]
[BlackElo "1563"]
[PlyCount "93"]
[EventDate "2008.??.??"]
[Source "SG Dortmund"]
[SourceDate "2004.12.16"]

1. Nf3 Nf6 2. d4 d5 3. c4 c6 4. e3 Bg4 5. h3 Bxf3 6. Qxf3 Nbd7 7. cxd5 cxd5 8.
Nc3 e6 9. Bd3 Be7 10. O-O O-O 11. Rd1 Bb4 12. Bd2 Bxc3 13. Bxc3 Qe7 14. a3 Rfc8
15. Rac1 h6 16. Qe2 Ne4 17. Bxe4 dxe4 18. Qb5 Nf6 19. Qe5 Qc7 20. Qxc7 Rxc7 21.
Ba5 Rxc1 22. Rxc1 Nd5 23. Kf1 Kf8 24. Ke2 Ke7 25. f3 f5 26. fxe4 fxe4 27. Bb4+
Kf7 28. Bd6 Rd8 29. Be5 Kg6 30. b4 Kf7 31. b5 Kg6 32. a4 Kf7 33. a5 Rd7 34. Bb8
b6 35. a6 Ke7 36. Be5 Kf7 37. Rc8 Kg6 38. Re8 Re7 39. Rc8 Rd7 40. Bg3 Kf7 41.
Kd2 Ke7 42. Be5 Kf7 43. Rb8 g5 44. g4 Re7 45. Rb7 Ke8 46. Bb8 Rd7 47. Bxa7 1-0

[Event "62. BEM 2008"]
[Site "Dortmund"]
[Date "2008.03.04"]
[Round "8.6"]
[White "Barskij, Aleksandr"]
[Black "Grube, Jörg"]
[Result "0-1"]
[WhiteElo "1874"]
[BlackElo "1747"]
[PlyCount "88"]
[EventDate "2008.??.??"]
[Source "SG Dortmund"]
[SourceDate "2004.12.16"]

1. e4 c5 2. Nf3 d6 3. d4 cxd4 4. Nxd4 Nf6 5. Nc3 a6 6. Bg5 e6 7. f4 Be7 8. Qf3
Qc7 9. O-O-O Nbd7 10. g4 b5 11. Bxf6 gxf6 12. f5 Ne5 13. Qg3 O-O 14. Bd3 Kh8
15. Rhg1 Bd7 16. Qf2 Rg8 17. h3 Rac8 18. Nce2 Nxd3+ 19. Rxd3 e5 20. Nc3 exd4
21. Nd5 Qd8 22. Qxd4 Bc6 23. Nf4 Qf8 24. g5 Ba8 25. b3 Rc5 26. Nh5 Re5 27. gxf6
Rxg1+ 28. Qxg1 Qh6+ 29. Qe3 Qxe3+ 30. Rxe3 Bf8 31. Kb1 Bxe4 32. Rc3 Rc5 33. Re3
d5 34. Ng3 Bh6 35. Re2 Rc8 36. Nxe4 dxe4 37. Rxe4 Bf8 38. Rd4 Rc6 39. Rd8 Kg8
40. Kb2 Rxf6 41. c4 Rxf5 42. Kc3 Kg7 43. Ra8 a5 44. Rxa5 b4+ 0-1

[Event "62. BEM 2008"]
[Site "Dortmund"]
[Date "2008.03.04"]
[Round "8.7"]
[White "Reschop, Romano"]
[Black "Ziperstein, Jakob"]
[Result "1/2-1/2"]
[WhiteElo "1670"]
[BlackElo "1851"]
[PlyCount "116"]
[EventDate "2008.??.??"]
[Source "SG Dortmund"]
[SourceDate "2004.12.16"]

1. e4 g6 2. d4 Bg7 3. Nf3 d6 4. Bc4 Nf6 5. Qe2 O-O 6. h3 c5 7. c3 cxd4 8. cxd4
e6 9. Bd3 Nc6 10. Nc3 Nb4 11. Bb1 b6 12. a3 Ba6 13. Qd1 Nc6 14. Bg5 h6 15. Be3
Bb7 16. O-O Rc8 17. Bd3 Na5 18. Nd2 a6 19. Rc1 b5 20. Qe2 Qd7 21. f4 Ba8 22.
Kh2 Nh7 23. b4 Nc6 24. Nf3 Qa7 25. e5 Qd7 26. Ne4 d5 27. Nd6 Rb8 28. g4 Bf6 29.
Qc2 Kg7 30. Nxf7 Qxf7 31. exf6+ Nxf6 32. Ne5 Qb7 33. Qxc6 Qa7 34. Qc2 Rbc8 35.
Qb1 Ne4 36. Bxe4 dxe4 37. Rxc8 Rxc8 38. Rc1 Re8 39. Qc2 Re7 40. Qc5 Qb7 41. Qd6
Kf6 42. Rc6 h5 43. g5+ Kg7 44. Rb6 Qc7 45. Qxc7 Rxc7 46. Rxe6 Rc3 47. Rxg6+ Kf8
48. Rxa6 Bd5 49. Bg1 e3 50. Bxe3 Rxe3 51. g6 h4 52. Rd6 Be4 53. Rd8+ Kg7 54.
Rd7+ Kg8 55. Rd8+ Kg7 56. Rd7+ Kf8 57. g7+ Kg8 58. Rd8+ Kxg7 {
nebst Remis nach mehreren Dutzend Zuegen in Zeitnot von Weiss ...} 1/2-1/2

[Event "62. BEM 2008"]
[Site "Dortmund"]
[Date "2008.03.04"]
[Round "8.8"]
[White "Werner, Patrick"]
[Black "Duschek, Günter"]
[Result "1-0"]
[WhiteElo "1692"]
[BlackElo "1658"]
[PlyCount "59"]
[EventDate "2008.??.??"]
[Source "SG Dortmund"]
[SourceDate "2004.12.16"]

1. e4 c6 2. d4 d5 3. e5 e6 4. f4 Bb4+ 5. c3 Ba5 6. Nf3 Ne7 7. Bd3 Nf5 8. O-O h6
9. Qe1 g6 10. g4 Ng7 11. Qg3 Qe7 12. Nh4 Bd8 13. Nxg6 fxg6 14. Bxg6+ Kd7 15. f5
Qh4 16. f6 Qxg3+ 17. hxg3 Ne8 18. f7 Nf6 19. exf6 Kc7 20. Bxh6 Nd7 21. Bg7 Rf8
22. Bxf8 Nxf8 23. Bh5 Kd6 24. g5 e5 25. dxe5+ Kxe5 26. Nd2 Bb6+ 27. Kg2 Bf5 28.
Rae1+ Be4+ 29. Nxe4 dxe4 30. g6 1-0

[Event "62. BEM 2008"]
[Site "Dortmund"]
[Date "2008.03.04"]
[Round "8.9"]
[White "Raskin, Vitali"]
[Black "Hoppe, Dirk"]
[Result "1/2-1/2"]
[WhiteElo "1634"]
[BlackElo "1779"]
[PlyCount "130"]
[EventDate "2008.??.??"]
[Source "SG Dortmund"]
[SourceDate "2004.12.16"]

1. d4 d5 2. c4 e6 3. Nc3 Nf6 4. Bg5 Nbd7 5. Nf3 Bb4 6. e3 c5 7. cxd5 exd5 8.
dxc5 Qa5 9. Nd2 Bxc3 10. bxc3 Ne4 11. Nxe4 dxe4 12. Qd4 O-O 13. Be7 Re8 14. Bd6
Nb8 15. Qb4 Qd8 16. Bb5 Bd7 17. O-O Nc6 18. Bxc6 Bxc6 19. Rfd1 Qg5 20. Bf4 Qf5
21. Rd6 g5 22. Bg3 h5 23. h4 gxh4 24. Bxh4 Re6 25. Rad1 Rae8 26. Qd4 Kh7 27.
Rxe6 Rxe6 28. Qd8 Qg4 29. Rd6 Rg6 30. Rxg6 Qxg6 31. Bf6 Qg8 32. Qd6 a6 33. Bd4
Qg5 34. Qf8 Qg8 35. Qe7 Qg6 36. Qe5 Kh6 37. Qh8+ Kg5 38. Qd8+ Kh6 39. Bf6 Qh7
40. Bg5+ Kg7 41. Qf6+ Kg8 42. Qe5 Qg6 43. Bf6 Kh7 44. Kh2 Qg4 45. Bg5 Qe6 46.
Qxe6 fxe6 47. Kg3 Kg6 48. Bd8 Kf5 49. Bc7 Be8 50. Kh4 Bf7 51. a3 Be8 52. f3
exf3 53. gxf3 Bc6 54. e4+ Kg6 55. Kg3 Bb5 56. Bd8 Bc4 57. Kf4 Be2 58. Ke3 Bb5
59. Kd4 Be2 60. f4 Kf7 61. Ke5 Bf3 62. f5 exf5 63. exf5 Bc6 64. Bh4 Bd7 65. f6
Bc6 1/2-1/2

[Event "62. BEM 2008"]
[Site "Dortmund"]
[Date "2008.03.04"]
[Round "8.10"]
[White "Watzlawek, Volker"]
[Black "Lauche, Christoph"]
[Result "1/2-1/2"]
[WhiteElo "1661"]
[BlackElo "1834"]
[PlyCount "139"]
[EventDate "2008.??.??"]
[Source "SG Dortmund"]
[SourceDate "2004.12.16"]

1. e4 e5 2. Nf3 f5 3. d3 d6 4. Nc3 Be7 5. g3 Nf6 6. Bg5 O-O 7. Bh3 fxe4 8. Bxc8
Qxc8 9. dxe4 c6 10. Qe2 h6 11. Bxf6 Bxf6 12. O-O-O Qe6 13. a4 Nd7 14. h4 Nb6
15. h5 d5 16. exd5 cxd5 17. a5 d4 18. Nxd4 Qf7 19. Ndb5 Nc4 20. Nd6 Nxd6 21.
Rxd6 Qc7 22. Rd5 b5 23. Qxb5 Rab8 24. Rd7 Rxb5 25. Rxc7 Rxa5 26. Kd2 Bd8 27.
Rb7 Rxf2+ 28. Ke3 Rf8 29. Rd1 Bb6+ 30. Ke4 Rf7 31. Rb8+ Kh7 32. Nd5 Ra4+ 33.
Kxe5 Bf2 34. Rb3 Rg4 35. Ke6 Rf8 36. Rdd3 Rg5 37. Rf3 Rxf3 38. Rxf3 Bxg3 39. c4
Bh2 40. Rf5 Rg4 41. c5 Rc4 42. Kd7 a5 43. c6 a4 44. c7 Bxc7 45. Nxc7 Rg4 46.
Ne6 Rb4 47. Nf8+ Kg8 48. Ng6 Rb8 49. Kc7 Ra8 50. Kb7 Rd8 51. Ra5 Rd4 52. Kb6
Rb4+ 53. Rb5 Rg4 54. Ka5 Rd4 55. Ne7+ Kf7 56. Nd5 g5 57. hxg6+ Kxg6 58. Nc3 h5
59. Nxa4 h4 60. Nc3 h3 61. Rb6+ Kg5 62. Re6 Rh4 63. Re1 h2 64. Rh1 Kg4 65. Nd1
Kf3 66. b4 Kg2 67. Rxh2+ Rxh2 68. b5 Kf3 69. Nc3 Ke3 70. b6 1/2-1/2

[Event "62. BEM 2008"]
[Site "Dortmund"]
[Date "2008.03.04"]
[Round "8.11"]
[White "Ziemek, Gerhard"]
[Black "Schultz, Bernfried"]
[Result "0-1"]
[WhiteElo "1628"]
[BlackElo "1668"]
[PlyCount "108"]
[EventDate "2008.??.??"]
[Source "SG Dortmund"]
[SourceDate "2004.12.16"]

1. d4 Nf6 2. Nc3 e6 3. e4 Bb4 4. Bd3 d5 5. e5 Ne4 6. Bd2 Nxd2 7. Qxd2 c5 8.
Nge2 c4 9. Bxc4 dxc4 10. a3 Ba5 11. O-O O-O 12. Rad1 Nc6 13. Qf4 Ne7 14. Ne4
Nd5 15. Qg3 Bc7 16. f4 f5 17. Ng5 h6 18. Nh3 Kh7 19. Rf3 Rg8 20. Rdf1 g6 21. c3
b5 22. Qe1 Bb7 23. Rg3 Nb6 24. Kh1 Be4 25. Nhg1 Qd5 26. Nf3 Bd8 27. Rh3 Kg7 28.
Qg3 Bxf3 29. gxf3 Qd7 30. Rg1 Qf7 31. Qg2 Kh7 32. Ng3 Nd5 33. Ne2 a5 34. Rg3
Be7 35. Rh3 Rab8 36. Qf1 b4 37. cxb4 axb4 38. axb4 Rxb4 39. Qc1 Rgb8 40. Rhg3
Rxb2 41. Qxc4 Rb1 42. Nc3 Rxg1+ 43. Rxg1 Rb4 44. Qc6 Rxd4 45. Nb5 Rxf4 46. Nd6
Qg7 47. Qe8 g5 48. Kg2 Ra4 49. Qxa4 Qxe5 50. Nc4 Qe2+ 51. Kh1 Qxf3+ 52. Rg2 Nf4
53. Qc2 Bc5 54. h3 Qxh3+ 0-1

[Event "62. BEM 2008"]
[Site "Dortmund"]
[Date "2008.03.04"]
[Round "8.12"]
[White "Warsitz, Andreas"]
[Black "Ziemek, Siegfried"]
[Result "1/2-1/2"]
[WhiteElo "1558"]
[BlackElo "1671"]
[PlyCount "82"]
[EventDate "2008.??.??"]
[Source "SG Dortmund"]
[SourceDate "2004.12.16"]

1. e4 e6 2. d4 d5 3. exd5 exd5 4. Bf4 Ne7 5. Nf3 Ng6 6. Bg3 Be7 7. Bd3 c6 8. c3
Bg4 9. h3 Be6 10. Qc2 Nd7 11. Nbd2 O-O 12. h4 Re8 13. O-O-O c5 14. h5 Ngf8 15.
Rde1 Bf6 16. Be5 cxd4 17. Bxd4 Bxd4 18. Nxd4 Nc5 19. Bb5 Re7 20. Kb1 a6 21. Bd3
Nxd3 22. Qxd3 Rc8 23. f4 Qe8 24. N2f3 Rcc7 25. f5 Bc8 26. f6 gxf6 27. Nf5 Bxf5
28. Qxf5 Qc6 29. Nd4 Qe8 30. Qg4+ Kh8 31. Ref1 Re3 32. Rf4 Ne6 33. Nf5 Ng5 34.
Nxe3 Qxe3 35. Rxf6 Qe4+ 36. Qxe4 dxe4 37. Rd6 f5 38. Rf1 Rf7 39. Kc2 Kg8 40.
Kd2 f4 41. Rd5 h6 1/2-1/2

[Event "62. BEM 2008"]
[Site "Dortmund"]
[Date "2008.03.04"]
[Round "8.13"]
[White "Clausen, Dirk"]
[Black "Krüger, Georg"]
[Result "0-1"]
[WhiteElo "1597"]
[BlackElo "1672"]
[PlyCount "22"]
[EventDate "2008.??.??"]
[Source "SG Dortmund"]
[SourceDate "2004.12.16"]

1. Nf3 Nf6 2. c4 g6 3. d4 Bg7 4. Nc3 d5 5. cxd5 Nxd5 6. e4 Nxc3 7. bxc3 c5 8.
Bb5+ Bd7 9. Qb3 cxd4 10. cxd4 Qa5+ 11. Bd2 Qxb5 0-1

[Event "62. BEM 2008"]
[Site "Dortmund"]
[Date "2008.03.04"]
[Round "8.14"]
[White "Flierdl, Lothar"]
[Black "Gennat, Egon L"]
[Result "1/2-1/2"]
[WhiteElo "1702"]
[BlackElo "1495"]
[PlyCount "140"]
[EventDate "2008.??.??"]
[Source "SG Dortmund"]
[SourceDate "2004.12.16"]

1. e4 d6 2. d4 Nf6 3. Bd3 g6 4. Ne2 Bg7 5. O-O b6 6. f3 c6 7. Be3 Ba6 8. c3
Bxd3 9. Qxd3 O-O 10. Qd2 e5 11. Na3 Na6 12. Nc2 Nc7 13. dxe5 dxe5 14. Qe1 Qe7
15. Rd1 Rad8 16. Qf2 Rxd1 17. Rxd1 Rd8 18. Rxd8+ Qxd8 19. Ng3 Qd1+ 20. Ne1 Bf8
21. h3 Na6 22. Kh2 Bc5 23. Nf1 Bf8 24. Nd2 Bc5 25. Nc4 Nd7 26. Qd2 Qxd2 27.
Bxd2 f6 28. Nd3 Bf8 29. b4 Kg7 30. g4 Nc7 31. a4 Nb8 32. Kg3 Kf7 33. f4 Nd7 34.
Kf3 b5 35. axb5 cxb5 36. Na5 Ne6 37. fxe5 fxe5 38. Nc6 Kf6 39. h4 a6 40. g5+
Kf7 41. Ncxe5+ Ke8 42. Nxd7 Kxd7 43. e5 Be7 44. Nf4 Ng7 45. Ke4 Bd8 46. Kd5 Nf5
47. Be1 Ne3+ 48. Ke4 Nf5 49. Bf2 Bc7 50. Nd3 a5 51. bxa5 Bxa5 52. Nb4 Ke6 53.
Be1 Ne7 54. Nd3 Bb6 55. Nf4+ Kd7 56. Nd5 Nxd5 57. Kxd5 Ke7 58. e6 Bc7 59. Bf2
Bd6 60. Bd4 Ba3 61. Bf6+ Ke8 62. Kc6 b4 63. cxb4 Bxb4 64. Kd5 Be1 65. Ke4 Bxh4
66. Kf4 Be1 67. Ke4 Bh4 68. Ke5 Bg3+ 69. Kd5 Bh4 70. Ke5 Bg3+ 1/2-1/2